S11 駅名クイズ - 小田急電鉄 + α ver. - Statistics

General Stats
  • This quiz has been taken 1,138 times
    845 since last reset
  • The average score is 58 of 77
Answer Stats
Number Answer % Correct
OH01 新宿
99%
OH05 代々木上原
96%
OH02 南新宿
95%
OH07 下北沢
94%
OH23 新百合ヶ丘
92%
OH23 新百合ヶ丘
92%
OH18 登戸
91%
OH27 町田
91%
OH47 小田原
91%
OH47 小田原
91%
OH22 百合ヶ丘
90%
OH28 相模大野
89%
OH28 相模大野
89%
OH04 代々木八幡
88%
OH06 東北沢
87%
OH11 経堂
87%
OH34 本厚木
87%
OH14 成城学園前
86%
OH32 海老名
86%
OH03 参宮橋
85%
OH19 向ヶ丘遊園
85%
OH33 厚木
85%
OH10 豪徳寺
84%
OH16 狛江
84%
OE13 藤沢
84%
OE16 片瀬江ノ島
84%
OH08 世田谷代田
82%
OT06 小田急多摩センター
82%
OH21 読売ランド前
81%
OH09 梅ヶ丘
80%
OH13 祖師ヶ谷大蔵
80%
OT07 唐木田
79%
OH41 新松田
78%
OH12 千歳船橋
77%
OH15 喜多見
77%
OE02 中央林間
77%
OH36 伊勢原
76%
OH51 箱根湯本
76%
OE05 大和
75%
OH17 和泉多摩川
74%
OH20 生田
74%
OH25 鶴川
74%
OH26 玉川学園前
74%
OH29 小田急相模原
74%
OH39 秦野
74%
OH42 開成
74%
OH37 鶴巻温泉
73%
OH38 東海大学前
73%
OT05 小田急永山
73%
OH24 柿生
71%
OH35 愛甲石田
71%
OE01 東林間
71%
OH30 相武台前
68%
OH31 座間
68%
OH46 足柄
68%
OE03 南林間
68%
OE09 湘南台
68%
OE15 鵠沼海岸
67%
OH40 渋沢
64%
OT04 はるひ野
63%
OE14 本鵠沼
62%
OE12 藤沢本町
61%
OT01 五月台
61%
OT02 栗平
61%
OT03 黒川
61%
OH43 栢山
59%
OH45 螢田
59%
OE08 長後
57%
OH44 富水
55%
OE10 六会日大前
55%
OE06 桜ヶ丘
54%
OE07 高座渋谷
54%
OH49 風祭
53%
OE04 鶴間
52%
OE11 善行
51%
OH48 箱根板橋
51%
OH50 入生田
47%
No matching quizzes found
Score Distribution
Percent of People with Each Score
Percentile by Number Answered
Your Score History
You have not taken this quiz since the last reset